00609nam a22001817a 450000500170000001000150001702000260003203500130005803700130007108200160008410000270010024501000012726000450022727000630027230000260033550000500036170000160041120240620114823.0 aENG-111219 a9780198099437c995.00 aEN-94751 bDBAD/PUB a305.2350954 aRobinson, Teresa Platz aCafe culture in Pune :cby Teresa Platz Robinsonbbeing young and middle class in urban India / aNew DelhibOxford University Pressc2014 aYMCA Library building, 1 Jai Singh RoadbNew Delhie110001 aviii, 285p.c22cm(Hb) aIncludes bibliographical references and index aMenon, Ajit